Komunitné centrum
Gespeichert in:
| 1. Verfasser: | |
|---|---|
| Weitere Verfasser: | |
| Format: | Manuskript Buch |
| Sprache: | Slowakisch |
| Veröffentlicht: |
2025
|
| Schlagworte: | |
| Online-Zugang: | http://is.stuba.sk/zp/portal_zp.pl?podrobnosti=167662 CRZP |
| Tags: |
Keine Tags, Fügen Sie das erste Tag hinzu!
|
MARC
| LEADER | 00000ntm a22000003a 4500 | ||
|---|---|---|---|
| 001 | stuzp103863 | ||
| 003 | SK-STU | ||
| 005 | 20250724110650.6 | ||
| 007 | ta | ||
| 008 | 150427s2015----xo-----f-mn---000-0-slo-d | ||
| 040 | |a STU |b slo | ||
| 041 | 0 | |a slo | |
| 100 | 1 | |a Hužovičová, Alexandra |u 010310 |4 aut |U SvF Stavebná fakulta |T SvF Katedra architektúry |X 115041 |U V181|V310 |Y 19 |7 115041 | |
| 242 | 0 | 1 | |a Community centre |y eng |
| 245 | 1 | 0 | |a Komunitné centrum |
| 260 | |c 2025 | ||
| 650 | 4 | |a komunitné centrum |2 slo | |
| 650 | 4 | |a verejný priestor |2 slo | |
| 650 | 4 | |a občianska vybavenosť |2 slo | |
| 650 | 4 | |a oddychová zóna |2 slo | |
| 650 | 4 | |a mestská časť Trnávka |2 slo | |
| 650 | 4 | |a public space |2 eng | |
| 650 | 4 | |a relaxation zone |2 eng | |
| 650 | 4 | |a Trnávka district |2 eng | |
| 650 | 4 | |a community center |2 eng | |
| 650 | 4 | |a civic amenities |2 eng | |
| 700 | 1 | |a Šmiralová, Monika |u 010310 |k Z1 |4 ths |U SvF Stavebná fakulta |T SvF Katedra architektúry |X 5225 |U V181|V310 |Y 19 |7 A000005225 | |
| 856 | 4 | |u http://is.stuba.sk/zp/portal_zp.pl?podrobnosti=167662 | |
| 856 | 4 | |u https://opac.crzp.sk/?fn=detailBiblioForm&sid=C9A1C75A261DD259FC85441E26A3 |z CRZP | |